01417 2200433 4500001002100000005001500021035002000036007000300056008004100059020002200100082000800122084001200130245033400142250001000476260004000486300004300526500001100569650002600580700003100606700002300637700003200660700001600692700001500708700002700723700002400750700002100774700001700795700001900812700002100831700001500852700001800867700001800885504002500903990001100928990001100939990001100950990001100961990001100972INLIS00000000000596120200716102308 a0010-0720000129ta200716 g 0 ind  a978-602-9192-60-5 a030 a030 ENS aEnsiklopedia Teknologi Informasi Komunikasi :bIlluminate Jack Kabel Coaxial /cAdian Zikri Jasuara Lubis, Yoan Heru Prabowo, Azzahra Inang Sahata Lubis, Agus Salim; editor, Friemadona, Krestiyati M. Tanassy, AangPermana Wijaya, Kenuk Kurniasih, Eka Maryono, Arman Badriza, M. Ali Sumaredi, Ferarianty, Edward Yosef, Agus Saputra acet.1 aDepok :bOptima Intelijensia,c2013 ajil.6, vii, 60 hlm. :bilus. ;c26 cm. aIndeks 4aENSIKLOPEDI DAN KAMUS0 aLUBIS, Adian Zikri Jasuara0 aYOAN, Heru Prabowo0 aLUBIS, Azzahra Inang Sahata0 aAGUS, Salim0 aFRIEMADONA0 aKRESTIYATI, M. Tanassy0 aAANGPERMANA, Wijaya0 aKENUK, Kurniasih0 aEKA, Maryono0 aARMAN, Badriza0 aALI, Sumaredi M.0 aFERARIANTY0 aEDWARD, Yosef0 aAGUS, Saputra aBibliografi : hlm.59 a7535 a a7535 b a7535 c a7535 d a7535 e